000 00506nam a2200193 a 4500
005 20240806063908.0
008 010921s2001 mx r 000 0 spa d
020 _a9684114931
035 _aUPN01000111847
049 _aCG
050 4 _aPQ7298.18 I7
_bD4.7
100 1 _aHiriart, Hugo,
_d1942-
_932025
245 1 0 _aDiscutibles fantasmas /
_cHugo Hiriart.
260 _aMéxico :
_bEra,
_c2001.
300 _a148 p.
440 0 _aBiblioteca Era
650 4 _aLiteratura mexicana
_94466
905 _aLibro
999 _c85755
_d85755